Представление документа в формате MARC21

Поле Инд. ПП Название Значение
Тип записи a
Библиографический уровень m
001 Контрольный номер dff4aaadc09e4742923c4cde1aa050d5
005 Дата корректировки 20230522143013.5
008 Кодируемые данные 230522s2023 ru |||||||||||000|||rus|d
020 a ISBN 978-5-04-119276-1
040 a Служба первич. каталог. ЦГБ г. В. Луки
b Код языка каталог. rus
041 1_ h Код языка оригинала eng
a Код языка текста rus
084 2 Источник индекса rubbk
a Индекс другой классификации/Индекс ББК 63.3(0)
090 x Авторский знак Д 22
j Имя библиотеки ЦГБ г. В. Луки
097 b Оператор КИС
245 10 a Заглавие 20 необыкновенных мальчиков, изменивших мир
b Продолж. заглавия 6+
c Ответственность текст Якопо Оливьери, Розальба Трояно
c Ответственность перевод с английского Е. В. Воропаевой
260 a Место издания Москва
b Издательство ЭКСМО, #эксмодетство
c Дата издания 2023
300 a Объем 87, [1] с.
650 14 a Основная рубрика История
653 1_ a Ключевые слова история; биографии
901 t Тип документа m